| 000 | 00867nam a2200253Ia 4500 | ||
|---|---|---|---|
| 003 | OSt | ||
| 005 | 20221005084044.0 | ||
| 006 | a|||||r|||| 00| 0 | ||
| 007 | ta | ||
| 008 | 221004b |||||||| |||| 00| 0 eng d | ||
| 020 |
_a9780470084175 (pbk) _cUSD 62.95 |
||
| 024 | _a33506 | ||
| 037 |
_bIM/2016*17/970, 07/03/2017, Selectbook Service Syndicate _cTextual |
||
| 040 |
_aCRL _cCRL _beng |
||
| 041 |
_2eng _aeng |
||
| 082 | _aD5151, P7 | ||
| 100 |
_aAllhoff Fritz [et...al] Ed. _9613024 |
||
| 245 | 0 |
_aNanoethics _b ethical and social implications of nanotechnology |
|
| 260 |
_aNew Jersey _bJohn Wiley and Sons U.S.A _c2007 |
||
| 300 |
_axiii,385p. _ccm. |
||
| 650 |
_aNANOTECHNOLOGY _9436565 |
||
| 942 |
_hD5151, P7 _cTEXL _2cc |
||
| 999 |
_c991974 _d991974 |
||